| 000 | 00554nam a2200181Ia 4500 | ||
|---|---|---|---|
| 999 |
_c28339 _d28339 |
||
| 003 | OSt | ||
| 005 | 20201215121020.0 | ||
| 008 | 190216s9999||||xx |||||||||||||| ||und|| | ||
| 020 | _a9788171809646 | ||
| 040 | _coclc | ||
| 082 |
_a894.8121 _bNAM/I |
||
| 100 |
_aNamboodiri, Akkitham Achutan _96912 |
||
| 245 | 0 |
_aIrupatham Noottandinte Ithihasam / _cAkkitham Achutan Namboodiri |
|
| 260 |
_bPoorna Publications, _aKozhikode: _c2003. |
||
| 300 | _a52p | ||
| 650 | _aKavitha | ||
| 942 |
_cBK _2ddc _h894.8121 _iNAM/I _k894.8121 _mNAM/I |
||